| 000 | 01226nam a2200217Ia 4500 | ||
|---|---|---|---|
| 003 | Ost | ||
| 005 | 20260507075640.0 | ||
| 008 | 260507s9999||||xx |||||||||||||| ||und|| | ||
| 020 | _a9957242091 | ||
| 040 | _cfsecg | ||
| 041 | _aara | ||
| 082 | _a339 | ||
| 100 |
_aهوشياره، معروف _eمؤلف |
||
| 245 | 0 |
_aتحليل الإقتصاد الكلي / _c معروف هوشياره |
|
| 260 |
_aعمان: _bدار صفاء للنشر والتوزيع, _c2005 |
||
| 300 |
_a413 صفحة؛ _bإيضاحات ؛ _c25 سم |
||
| 504 | _aالمراجع ص.401 | ||
| 520 | _aمفهوم علم الإقتصاد وأركانه الأساسية ،أساسيات الإقتصاد الكلي ،الناتج المحلي الإجمالي المضاعف والمعجل ،التقنيات الدورية ،التحليل الكمي والتصحيح الفكري تجاه التقلبات الدورية والتوازن الإقتصادي ،التضخم والمباطلة ،النقود والبنوك والسياسة النقدية ،الساسة المالية ،أسواق الصرف الأجنبي وميزان المدفوعات النمو والتنمية | ||
| 653 | _aالاقتصاد الكلي | ||
| 942 | _cكتاب | ||
| 999 |
_c45383 _d45383 |
||